000 00611nam a22001937a 4500
003 BDDh-ASL
005 20231015031010.0
008 220908b1872 ii ||||| |||| 00| 0 urd d
040 _aBDDh-ASL
_cBDDh-ASL
041 _aurd
082 _a297.920
_bMAW
245 0 0 _aMawlid Sharif Bihariya : / مولد شريف بہاريہ
246 _aSirajul Harmain : / سراج الحرمين
246 _aKitab-e Hikmat : / کتاب حکمت
260 _aKanpur :
_bNizami Press ,
_c1872/1294H.
300 _a48 p. :
_c23 cm.
650 0 _96451
_aMilad (Biography of Prophet Muhammad SM.)
942 _2ddc
_cBK
999 _c29142
_d29142